000 00667nam a2200193 i 4500
001 44860
003 ES-MaACL
005 20230906161116.0
007 t|
008 030324s1973 sp ||||1| spa d
100 1 _aClark, Frank J.
_939030
245 1 0 _aProcedimientos informáticos en sistemas empresariales /
_cFrank J. Clark, Roland Gale, Robert Gray ; traducción y adaptación Bartolomé Fabián-Frankel.
260 _aMadrid, etc. :
_bPrentice-Hall,
_c[1973]
300 _aXII, 303 p. ;
_c24 cm.
700 1 _aGale, Ronald.
_953364
700 1 _aGray, Robert.
_959804
700 1 _aFabián-Frankel, Bartolomé.
_948513
852 _aES-MaACL
_jE-7711
_bR.92060
999 _c44860
_d44860